Normal view
MARC view
- Tribes
Entry Topical Term
001 - CONTROL NUMBER
- control field: 4554
003 - CONTROL NUMBER IDENTIFIER
- control field: NUST
005 - DATE AND TIME OF LATEST TRANSACTION
- control field: 20170912105506.0
008 - FIXED-LENGTH DATA ELEMENTS
- fixed length control field: 170912|| aca||aabn | a|a d
040 ## - CATALOGING SOURCE
- Original cataloging agency: NUST
- Transcribing agency: NUST
150 ## - HEADING--TOPICAL TERM
- Topical term or geographic name entry element: Tribes
- General subdivision: Pakistan
- Geographic subdivision: Balochistān
- General subdivision: History.
670 ## - SOURCE DATA FOUND
- Source citation: Work cat.: (NUST)0: Bugṭī, ʻAzīz Muḥammad, 1949- 4553, Balochistān :, 2003.
